[Event "7. Malaga op"]
[Site "Campillos"]
[Date "2004.02.22"]
[Round "3.5"]
[White "Tissir, Mohamed"]
[Black "Yeo, Michael J"]
[Result "1/2-1/2"]
[WhiteElo "2436"]
[BlackElo "2244"]
[PlyCount "76"]
[EventDate "2004.02.21"]
[Source "lmi"]
[SourceDate "2004.02.23"]

1. e4 e5 2. Nf3 Nc6 3. Bc4 Nf6 4. d3 Bc5 5. c3 a6 6. Nbd2 O-O 7. Bb3 Ba7 8. Nf1
d5 9. exd5 Nxd5 10. Ng3 Kh8 11. O-O f6 12. Re1 Nce7 13. d4 exd4 14. Nxd4 Ng6
15. Bc2 Re8 16. Rxe8+ Qxe8 17. Qh5 Qe1+ 18. Nf1 Nde7 19. Rb1 Qe5 20. Qf3 c5 21.
Ne2 Bd7 22. Be3 Nh4 23. Qe4 Qxe4 24. Bxe4 Bf5 25. Nfg3 Re8 26. Rd1 Bc8 27. b4
b6 28. bxc5 bxc5 29. Nc1 Nhf5 30. Bf4 Nxg3 31. hxg3 c4 32. Kf1 Ng6 33. Bc6 Rf8
34. Bc7 Ne5 35. Bd5 Ng4 36. Bd6 Rd8 37. Bc7 Rf8 38. Bd6 Rd8 1/2-1/2

[Event "7. Malaga op"]
[Site "Campillos"]
[Date "2004.02.22"]
[Round "3.6"]
[White "Alonso, Rene"]
[Black "Korneev, Oleg"]
[Result "1/2-1/2"]
[WhiteElo "2371"]
[BlackElo "2566"]
[PlyCount "53"]
[EventDate "2004.02.21"]
[Source "lmi"]
[SourceDate "2004.02.23"]

1. d4 d5 2. c4 e6 3. Nf3 Nf6 4. Nc3 c6 5. Bg5 dxc4 6. e4 b5 7. e5 h6 8. Bh4 g5
9. Nxg5 hxg5 10. Bxg5 Nbd7 11. g3 Rg8 12. h4 Rxg5 13. hxg5 Nd5 14. g6 fxg6 15.
Qg4 Qe7 16. Bg2 Kd8 17. Bxd5 cxd5 18. Qxg6 Bg7 19. Nxb5 Qb4+ 20. Nc3 Qxb2 21.
Qg5+ Kc7 22. Rc1 Bf8 23. O-O Rb8 24. Qg4 Bb4 25. Qxe6 Bxc3 26. Qxd5 Qb4 27. Qf7
1/2-1/2

[Event "7. Malaga op"]
[Site "Campillos"]
[Date "2004.02.22"]
[Round "3.7"]
[White "Rodriguez Guerrero, Enrique"]
[Black "Suba, Mihai"]
[Result "1-0"]
[WhiteElo "2391"]
[BlackElo "2522"]
[PlyCount "74"]
[EventDate "2004.02.21"]
[Source "lmi"]
[SourceDate "2004.02.23"]

1. e4 c5 2. Nf3 d6 3. d4 Nf6 4. Nc3 cxd4 5. Nxd4 e6 6. Be3 a6 7. f3 b5 8. g4
Bb7 9. Qd2 Qa5 10. Nb3 Qc7 11. O-O-O Nc6 12. g5 Nd7 13. Qf2 Rc8 14. h4 Nce5 15.
a3 Nc5 16. Nd4 Be7 17. h5 O-O 18. Kb1 Rfe8 19. Rh4 Na4 20. Nxa4 bxa4 21. f4 Nc4
22. Bxc4 Qxc4 23. f5 e5 24. f6 exd4 25. Rxd4 Qc6 26. fxe7 Rxe7 27. h6 Qb5 28.
hxg7 Qe5 29. Bf4 Qxg7 30. Bxd6 Re6 31. e5 Bc6 32. Rdf4 Be8 33. Rf6 Rxf6 34.
gxf6 Qg6 35. Rh3 Rc4 36. Bb4 h6 37. Rd3 Kh7 1-0

[Event "7. Malaga op"]
[Site "Campillos"]
[Date "2004.02.22"]
[Round "3.8"]
[White "Paunovic, Dragan"]
[Black "Gamundi Salamanca, Antonio"]
[Result "1-0"]
[WhiteElo "2517"]
[BlackElo "2448"]
[PlyCount "76"]
[EventDate "2004.02.21"]
[Source "lmi"]
[SourceDate "2004.02.23"]

1. c4 c5 2. g3 Nf6 3. Bg2 d5 4. cxd5 Nxd5 5. Nc3 Nc7 6. d3 e5 7. Be3 Be7 8. Rc1
Nd7 9. Nf3 O-O 10. O-O Rb8 11. Nd2 b6 12. Nc4 Bb7 13. Bxb7 Rxb7 14. a4 Qa8 15.
Nb5 Ne6 16. Bd2 Kh8 17. e4 Qb8 18. Nc3 f5 19. Nd5 Nf6 20. Bc3 Nxd5 21. exd5 Nd4
22. Bxd4 cxd4 23. Re1 Bf6 24. Qf3 g6 25. d6 Rd7 26. Qd5 Kg7 27. Rxe5 Bxe5 28.
Qxe5+ Rf6 29. Qxd4 a6 30. Re1 Qd8 31. Qd5 f4 32. g4 f3 33. h3 h6 34. Re5 Rdf7
35. Qd4 Kh7 36. Qe3 Qd7 37. Qxb6 Qxa4 38. Re8 Qb5 1-0

[Event "7. Malaga op"]
[Site "Campillos"]
[Date "2004.02.??"]
[Round "3.10"]
[White "Cramling, Pia"]
[Black "Adnoy, Hallvard V"]
[Result "0-1"]
[WhiteElo "2488"]
[BlackElo "2211"]
[PlyCount "82"]
[EventDate "2004.02.21"]
[Source "lmi"]
[SourceDate "2004.02.23"]

1. d4 Nf6 2. Nf3 d6 3. g3 Nbd7 4. Bg2 e5 5. c4 Be7 6. Nc3 O-O 7. O-O c6 8. Qc2
Qc7 9. b3 b5 10. cxb5 cxb5 11. Ne1 Rb8 12. Bb2 Bb7 13. Rc1 Qb6 14. Bxb7 Qxb7
15. dxe5 dxe5 16. Nd3 Rbc8 17. Qd2 Rfd8 18. Qe3 e4 19. Ne1 Bc5 20. Qf4 Bd4 21.
Ng2 Nc5 22. Qh4 Ne6 23. g4 Rc5 24. Nd1 Qc7 25. Rxc5 Qxc5 26. Bxd4 Rxd4 27. Qg3
h5 28. gxh5 Nxh5 29. Qe3 b4 30. Nb2 Qc3 31. Nc4 Qc2 32. f3 Nf6 33. Rc1 Qxa2 34.
Ne5 Qa6 35. Nc6 Nd5 36. Qf2 Rd2 37. fxe4 Rxe2 38. Qf3 Qb6+ 39. Kh1 Rf2 40. Qg3
Qxc6 41. Rf1 Rxf1# 0-1

[Event "7. Malaga op"]
[Site "Campillos"]
[Date "2004.02.22"]
[Round "3.11"]
[White "Cardoso Garcia, Sergio"]
[Black "Perez Candelario, Manuel"]
[Result "0-1"]
[WhiteElo "2125"]
[BlackElo "2505"]
[PlyCount "58"]
[EventDate "2004.02.21"]
[Source "lmi"]
[SourceDate "2004.02.23"]

1. c4 e5 2. e4 Nc6 3. g3 Bc5 4. Bg2 d6 5. Ne2 Bg4 6. f3 Be6 7. d3 Qd7 8. h4
Nge7 9. Nbc3 a6 10. Nd5 Bxd5 11. cxd5 Nd4 12. Bd2 c6 13. Nxd4 Bxd4 14. dxc6
Nxc6 15. Bc3 Ba7 16. Bh3 Qe7 17. Qd2 O-O 18. O-O-O b5 19. b3 a5 20. Qg5 Qb7 21.
h5 h6 22. Qf5 b4 23. Bb2 Bd4 24. Qd7 Qb6 25. Rh2 Rfd8 26. Qg4 a4 27. f4 axb3
28. axb3 Bxb2+ 29. Rxb2 Qc5+ 0-1

[Event "7. Malaga op"]
[Site "Campillos"]
[Date "2004.02.22"]
[Round "3.12"]
[White "Gutierrez Castillo, Paloma"]
[Black "Ivanov, Jordan"]
[Result "0-1"]
[WhiteElo "2114"]
[BlackElo "2406"]
[PlyCount "82"]
[EventDate "2004.02.21"]
[Source "lmi"]
[SourceDate "2004.02.23"]

1. e4 c5 2. Nf3 e6 3. d4 cxd4 4. Nxd4 Nf6 5. Nc3 d6 6. Be2 Nc6 7. Be3 Bd7 8.
O-O Be7 9. f4 Nxd4 10. Bxd4 Bc6 11. Qd3 O-O 12. Qg3 g6 13. Bf3 b5 14. Rae1 b4
15. Nd1 d5 16. e5 Ne4 17. Bxe4 dxe4 18. Qe3 Qa5 19. Nf2 Rfd8 20. Nxe4 Bxe4 21.
Qxe4 Qxa2 22. Kh1 Qc4 23. c3 b3 24. Qb7 Bf8 25. Bxa7 Qd3 26. Bd4 Rdb8 27. Qe4
Qb5 28. Qe2 Qc6 29. h3 Ra2 30. Rc1 h5 31. Rf3 Rd8 32. Rd3 Qc4 33. Rcd1 Ba3 34.
R3d2 Qxe2 35. Rxe2 Bxb2 36. Red2 Bxc3 37. Bxc3 Raxd2 38. Bxd2 b2 39. Kh2 h4 40.
Bc3 Rxd1 41. Bxb2 Rf1 0-1

[Event "7. Malaga op"]
[Site "Campillos"]
[Date "2004.02.22"]
[Round "3.13"]
[White "Vinas Guerrero, Carlos Alberto"]
[Black "Gonzalez Rodriguez, Jorge Armando"]
[Result "0-1"]
[WhiteElo "2098"]
[BlackElo "2349"]
[PlyCount "82"]
[EventDate "2004.02.21"]
[Source "lmi"]
[SourceDate "2004.02.23"]

1. e4 e5 2. Nf3 d6 3. Nc3 c6 4. d4 Qc7 5. h3 Nf6 6. a4 a5 7. Be2 Be7 8. O-O h6
9. Be3 Nbd7 10. Nd2 O-O 11. f4 exd4 12. Bxd4 Re8 13. Bd3 Bf8 14. Qf3 b6 15. g4
Nh7 16. Rae1 Bb7 17. Bc4 Re7 18. h4 Rae8 19. Re2 d5 20. exd5 Rxe2 21. Bxe2 cxd5
22. g5 hxg5 23. hxg5 Nc5 24. Rf2 Ne6 25. Nb3 g6 26. Be5 Bd6 27. Bxd6 Qxd6 28.
Nb5 Qxf4 29. Qxf4 Nxf4 30. Rxf4 Rxe2 31. N3d4 Rd2 32. Nd6 Nxg5 33. Kf1 Ba6+ 34.
N6b5 Bxb5+ 35. axb5 Ne4 36. Nf3 Rxc2 37. Ne5 Rc7 38. Nc6 Nd6 39. Nd4 Rc4 40. b3
Rb4 41. Rf6 Ne4 0-1

[Event "7. Malaga op"]
[Site "Campillos"]
[Date "2004.02.22"]
[Round "3.14"]
[White "Collas, Silvia"]
[Black "Borrego Gil, Diego"]
[Result "1-0"]
[WhiteElo "2330"]
[BlackElo "2091"]
[PlyCount "74"]
[EventDate "2004.02.21"]
[Source "lmi"]
[SourceDate "2004.02.23"]

1. Nf3 d5 2. d4 c6 3. c4 Nf6 4. Nc3 e6 5. Bg5 Be7 6. e3 O-O 7. Rc1 Nbd7 8. Bd3
dxc4 9. Bxc4 b5 10. Bd3 Bb7 11. O-O a6 12. e4 c5 13. e5 Nd5 14. Bxe7 Qxe7 15.
dxc5 Nxc5 16. Bxh7+ Kxh7 17. Qc2+ Kg8 18. Nxd5 Bxd5 19. Qxc5 Qxc5 20. Rxc5 Bxa2
21. Rfc1 Bc4 22. Nd4 Rfd8 23. Nc6 Rd2 24. b4 Kh7 25. h3 Rb2 26. Rd1 Bd5 27. Rd4
g6 28. Rf4 Kg7 29. Ne7 Bc4 30. Nc8 Rxb4 31. Rc7 Rxc8 32. Rxc8 a5 33. Rc7 a4 34.
h4 Kh6 35. g4 g5 36. Rf6+ Kg7 37. Rfxf7+ Kg8 1-0

[Event "7. Malaga op"]
[Site "Campillos"]
[Date "2004.02.22"]
[Round "3.15"]
[White "Gavilan Diaz, Mario"]
[Black "Parfjonov, Pavel"]
[Result "0-1"]
[WhiteElo "1999"]
[BlackElo "2250"]
[PlyCount "93"]
[EventDate "2004.02.21"]
[Source "lmi"]
[SourceDate "2004.02.23"]

1. e4 c5 2. Nf3 Nc6 3. d4 cxd4 4. Nxd4 Qc7 5. Nc3 e6 6. Be3 a6 7. a3 b5 8. Be2
Bb7 9. O-O Nf6 10. Nb3 Ne5 11. f4 Nc4 12. Bxc4 bxc4 13. Nd2 Bc5 14. Qe2 O-O 15.
Kh1 d5 16. e5 Bxe3 17. exf6 Bd4 18. fxg7 Bxg7 19. f5 exf5 20. Rxf5 Rae8 21. Qh5
Re6 22. Nf3 Rh6 23. Qg5 Rg6 24. Qh4 Qd8 25. Qf2 d4 26. Ne2 d3 27. Nf4 Rf6 28.
Rg5 Rg6 29. Rf5 Be4 30. Nxg6 dxc2 31. Qe2 hxg6 32. Qxe4 Qd1+ 33. Qe1 Qxe1+ 34.
Nxe1 gxf5 35. Nxc2 Bxb2 36. Rf1 Rd8 37. g3 Rd2 38. Ne3 c3 39. Nc4 Rd4 40. Ne3
Re4 41. Nc2 Re2 42. Nd4 Rd2 43. Nb3 Rd5 44. Nc1 c2 45. Ne2 Rd1 46. Kg2 Rxf1 47.
Kxf1 0-1

[Event "7. Malaga op"]
[Site "Campillos"]
[Date "2004.02.23"]
[Round "4.1"]
[White "Cifuentes Parada, Roberto"]
[Black "Cheparinov, Ivan"]
[Result "1/2-1/2"]
[WhiteElo "2505"]
[BlackElo "2550"]
[PlyCount "83"]
[EventDate "2004.02.21"]
[Source "lmi"]
[SourceDate "2004.02.23"]

1. d4 Nf6 2. c4 e6 3. Nf3 c5 4. e3 d5 5. Nc3 a6 6. a3 Nc6 7. dxc5 Bxc5 8. b4
Ba7 9. Bb2 O-O 10. Be2 d4 11. exd4 Nxd4 12. O-O e5 13. c5 Re8 14. Nxd4 exd4 15.
Na4 Bd7 16. Bc4 Bc6 17. Nb6 Bxb6 18. cxb6 Qxb6 19. Bxd4 Qd8 20. Bb2 Rc8 21.
Qxd8 Rexd8 22. Bxf6 gxf6 23. Rfc1 Kf8 24. h3 Be4 25. f3 Bc6 26. Bf1 Ba4 27.
Rxc8 Rxc8 28. Bd3 h6 29. Be4 Rc7 30. Re1 b6 31. Re3 Bb5 32. Kf2 Rc1 33. Bd3
Bxd3 34. Rxd3 Rc2+ 35. Ke3 Rxg2 36. Rd8+ Kg7 37. Ra8 a5 38. bxa5 bxa5 39. Rxa5
Rh2 40. Rh5 Ra2 41. Ra5 Rh2 42. Rh5 1/2-1/2

[Event "7. Malaga op"]
[Site "Campillos"]
[Date "2004.02.23"]
[Round "4.2"]
[White "Fernandez Romero, Ernesto"]
[Black "Paunovic, Dragan"]
[Result "1/2-1/2"]
[WhiteElo "2425"]
[BlackElo "2517"]
[PlyCount "97"]
[EventDate "2004.02.21"]
[Source "lmi"]
[SourceDate "2004.02.23"]

1. e4 c5 2. Nf3 e6 3. b3 b6 4. Bd3 Bb7 5. O-O d6 6. Bb2 Nd7 7. Re1 Ngf6 8. c3
Be7 9. Bc2 O-O 10. d4 Qc7 11. Nbd2 Rad8 12. Rc1 Rfe8 13. Qe2 e5 14. d5 Nh5 15.
Nf1 Ndf6 16. Ne3 g6 17. Rcd1 Nf4 18. Qf1 Bc8 19. Nd2 Ng4 20. Nxg4 Bxg4 21. f3
Bd7 22. g3 Nh5 23. Bd3 Rf8 24. Bb5 f5 25. Bxd7 Qxd7 26. Qe2 Bg5 27. exf5 Bxd2
28. Qxd2 Qxf5 29. Rf1 Qh3 30. c4 Rf7 31. Qg2 Qxg2+ 32. Kxg2 Rb8 33. Rde1 b5 34.
cxb5 Rxb5 35. f4 c4 36. fxe5 Rxd5 37. Rxf7 Kxf7 38. Re2 cxb3 39. axb3 Ng7 40.
Rf2+ Ke8 41. exd6 Nf5 42. Bc1 Rxd6 43. Bf4 Rb6 44. Rc2 Rxb3 45. Rc8+ Kf7 46.
Rc7+ Kf6 47. Rc6+ Kf7 48. Rc7+ Kf6 49. Rc6+ 1/2-1/2

[Event "7. Malaga op"]
[Site "Campillos"]
[Date "2004.02.23"]
[Round "4.4"]
[White "Adnoy, Hallvard V"]
[Black "Matamoros Franco, Carlos"]
[Result "0-1"]
[WhiteElo "2211"]
[BlackElo "2490"]
[PlyCount "80"]
[EventDate "2004.02.21"]
[Source "lmi"]
[SourceDate "2004.02.23"]

1. e4 e6 2. d3 c5 3. Nf3 Nc6 4. g3 g6 5. d4 cxd4 6. Nxd4 Bg7 7. Nb5 d5 8. exd5
exd5 9. Qxd5 Qe7+ 10. Be2 Bg4 11. Qe4 Qxe4 12. Nd6+ Kf8 13. Nxe4 Re8 14. Bxg4
Rxe4+ 15. Be2 Nd4 16. Nc3 Rxe2+ 17. Nxe2 Nxc2+ 18. Kd2 Nxa1 19. Nc3 Nf6 20. b3
Ke7 21. Re1+ Kd7 22. Bb2 Nxb3+ 23. axb3 Ng4 24. Ba3 Rd8 25. Ne4 Nxh2 26. Rh1
Nf3+ 27. Ke3 Nd4 28. Rxh7 Kc6 29. Bc5 b6 30. Bxd4 Bxd4+ 31. Kf3 Rd7 32. Rh1 f5
33. Rc1+ Kb5 34. Ng5 Bf6 35. Ne6 g5 36. Nf8 Rd3+ 37. Ke2 Rxb3 38. Rd1 Rb2+ 39.
Kf3 Be7 40. Rd5+ Bc5 0-1

[Event "7. Malaga op"]
[Site "Campillos"]
[Date "2004.02.23"]
[Round "4.5"]
[White "Yeo, Michael J"]
[Black "Khamrakulov, Ibragim S"]
[Result "0-1"]
[WhiteElo "2244"]
[BlackElo "2452"]
[PlyCount "108"]
[EventDate "2004.02.21"]
[Source "lmi"]
[SourceDate "2004.02.23"]

1. e4 c5 2. Nf3 a6 3. Nc3 b5 4. d4 cxd4 5. Nxd4 Bb7 6. Bg5 Qc7 7. Bd3 e6 8. O-O
Bd6 9. h3 b4 10. Nce2 h6 11. Bh4 g5 12. Bg3 Nf6 13. Bxd6 Qxd6 14. f3 Qb6 15.
Kh1 Nc6 16. Nxc6 Bxc6 17. a3 bxa3 18. Rxa3 Qxb2 19. Qa1 Qxa1 20. Rfxa1 Ke7 21.
Rxa6 Rxa6 22. Rxa6 Rb8 23. Kg1 Rb1+ 24. Kf2 Nh5 25. Nc3 Rb2 26. Ra2 Rb4 27. Ne2
Nf6 28. Nc3 Ne8 29. Ke3 Nd6 30. Ra7 f6 31. Ne2 Nf7 32. Nd4 Ne5 33. Ra2 h5 34.
c3 Rb8 35. Kd2 Kd6 36. Kc2 Rh8 37. Ra1 g4 38. Rh1 gxf3 39. Nxf3 Rg8 40. Nh4
Nxd3 41. Kxd3 Rg3+ 42. Kd4 e5+ 43. Kc4 Bxe4 44. Rd1+ Ke6 45. Rd2 d5+ 46. Kb4 f5
47. Ra2 Kf6 48. Ra6+ Kg5 49. Ng6 Rxg2 50. Nxe5 Kf4 51. Re6 Ke3 52. c4 dxc4 53.
Nxc4+ Kf4 54. Nd6 Rh2 0-1

[Event "7. Malaga op"]
[Site "Campillos"]
[Date "2004.02.23"]
[Round "4.6"]
[White "Collas, Didier"]
[Black "Saldano, Horacio"]
[Result "1-0"]
[WhiteElo "2429"]
[BlackElo "2391"]
[PlyCount "81"]
[EventDate "2004.02.21"]
[Source "lmi"]
[SourceDate "2004.02.23"]

1. Nf3 Nf6 2. c4 g6 3. Nc3 Bg7 4. e4 d6 5. d4 O-O 6. Be2 e5 7. O-O Nc6 8. d5
Ne7 9. b4 Nh5 10. Re1 f5 11. Ng5 Nf6 12. Bf3 c6 13. Be3 cxd5 14. exd5 e4 15.
Be2 Nfxd5 16. Nxd5 Bxa1 17. Nxe7+ Qxe7 18. Qd5+ Kg7 19. Rxa1 f4 20. Bd4+ Kh6
21. Nxe4 Rf5 22. Bf6 Rxf6 23. Nxf6 Qxf6 24. Rd1 Qe7 25. Bf1 a5 26. b5 Bf5 27.
Qd2 Qg5 28. Qxd6 Re8 29. g3 fxg3 30. hxg3 Bg4 31. Rd4 Bf3 32. Rf4 Rd8 33. Qc7
Bh5 34. Rf7 Rh8 35. Qxb7 Qd2 36. a3 Qc1 37. Qe7 g5 38. Qe6+ Bg6 39. Qh3+ Bh5
40. g4 Qd1 41. Qxh5# 1-0

[Event "7. Malaga op"]
[Site "Campillos"]
[Date "2004.02.23"]
[Round "4.7"]
[White "Bellon Lopez, Juan Manuel"]
[Black "Rodriguez Guerrero, Enrique"]
[Result "0-1"]
[WhiteElo "2429"]
[BlackElo "2391"]
[PlyCount "108"]
[EventDate "2004.02.21"]
[Source "lmi"]
[SourceDate "2004.02.23"]

1. d4 d5 2. c4 c6 3. Nf3 Nf6 4. Nc3 e6 5. Bg5 h6 6. Bxf6 Qxf6 7. e3 Nd7 8. Rc1
g6 9. Bd3 dxc4 10. Bxc4 Qe7 11. O-O Bg7 12. e4 O-O 13. e5 Rd8 14. Qe2 b6 15.
Rfe1 Rb8 16. Bd3 Bb7 17. Be4 Nf8 18. a3 Rbc8 19. Na4 g5 20. h3 c5 21. Bxb7 Qxb7
22. dxc5 Ng6 23. Qb5 Rd5 24. c6 Qa8 25. Qb3 Rxc6 26. Rxc6 Qxc6 27. Nc3 Rd8 28.
Qc2 Nf4 29. Rd1 Rxd1+ 30. Qxd1 Bxe5 31. h4 Bf6 32. hxg5 hxg5 33. Kh2 Kg7 34. g3
Ng6 35. Qd3 g4 36. Nd4 Qc5 37. Nce2 Qd5 38. b4 Kf8 39. Qb5 Bxd4 40. Qxd5 exd5
41. Nxd4 Ne5 42. Nf5 Ke8 43. Kg2 Kd7 44. Kf1 Nc4 45. a4 Nb2 46. Ne3 Kd6 47.
Nxg4 Nxa4 48. Ke2 a5 49. bxa5 bxa5 50. Nh6 Ke6 51. f4 Nc5 52. g4 a4 53. Nf5 Nb3
54. Ng7+ Ke7 0-1

[Event "7. Malaga op"]
[Site "Campillos"]
[Date "2004.02.23"]
[Round "4.8"]
[White "Korneev, Oleg"]
[Black "Parfjonov, Pavel"]
[Result "1-0"]
[WhiteElo "2566"]
[BlackElo "2250"]
[PlyCount "59"]
[EventDate "2004.02.21"]
[Source "lmi"]
[SourceDate "2004.02.23"]

1. e4 c5 2. Nf3 Nc6 3. d4 cxd4 4. Nxd4 Qc7 5. Nc3 e6 6. Be3 a6 7. Qd2 Nf6 8.
O-O-O b5 9. Bf4 Ne5 10. Nf3 Nxf3 11. gxf3 Qc6 12. Rg1 b4 13. Ne2 h6 14. Kb1 Qc5
15. Be3 Qc7 16. Ng3 Bb7 17. Bd3 d5 18. e5 Nd7 19. f4 g6 20. Ne2 Nb6 21. b3 Bc6
22. Nd4 Bd7 23. Qe2 Nc8 24. Bxg6 fxg6 25. Rxg6 h5 26. Nxe6 Qb7 27. Nxf8 Kxf8
28. e6 Bb5 29. Bc5+ Ke8 30. Qxh5 1-0

[Event "7. Malaga op"]
[Site "Campillos"]
[Date "2004.02.23"]
[Round "4.10"]
[White "Ivanov, Jordan"]
[Black "Kirkebo, Carl Peter"]
[Result "1-0"]
[WhiteElo "2406"]
[BlackElo "2199"]
[PlyCount "105"]
[EventDate "2004.02.21"]
[Source "lmi"]
[SourceDate "2004.02.23"]

1. d4 Nf6 2. c4 c5 3. d5 e6 4. Nc3 exd5 5. cxd5 d6 6. e4 g6 7. h3 Bg7 8. Nf3
O-O 9. Bd3 Nh5 10. O-O Nd7 11. Re1 Re8 12. Bg5 Bf6 13. Be3 Ne5 14. Be2 Nxf3+
15. Bxf3 Ng7 16. Qd2 a6 17. a3 b6 18. Rab1 Ra7 19. b4 Be5 20. Na4 f5 21. bxc5
bxc5 22. Nb6 fxe4 23. Bxe4 Bf5 24. Bxf5 Nxf5 25. Bg5 Qc7 26. Nc4 Qf7 27. Rb3
Bg7 28. Rxe8+ Qxe8 29. Rb6 Qe4 30. Nxd6 Nxd6 31. Rxd6 Qb1+ 32. Qc1 Qxc1+ 33.
Bxc1 Be5 34. Rd8+ Kf7 35. Be3 Rb7 36. Kf1 c4 37. Rc8 c3 38. Ke2 Ke7 39. Kd3 Rb3
40. a4 Kd7 41. Rc6 a5 42. Rc5 Rb1 43. Rxa5 Rd1+ 44. Kc2 Rg1 45. g4 Kd6 46. Ra6+
Kd7 47. Bc5 Ra1 48. Ra7+ Kc8 49. Be3 Ra2+ 50. Kd3 Kb8 51. Ra6 Kb7 52. Re6 Bb8
53. Kxc3 1-0

[Event "7. Malaga op"]
[Site "Campillos"]
[Date "2004.02.23"]
[Round "4.11"]
[White "Gutierrez Castillo, Oscar"]
[Black "Alonso, Rene"]
[Result "0-1"]
[WhiteElo "2209"]
[BlackElo "2371"]
[PlyCount "60"]
[EventDate "2004.02.21"]
[Source "lmi"]
[SourceDate "2004.02.23"]

1. e4 c5 2. Nf3 d6 3. d4 cxd4 4. Nxd4 Nf6 5. Nc3 a6 6. Bg5 e6 7. f4 b5 8. e5
dxe5 9. fxe5 Qc7 10. Qe2 Nfd7 11. O-O-O Bb7 12. Qg4 Qb6 13. Be3 Nc6 14. Kb1
Ncxe5 15. Qg3 Qa5 16. Nb3 Qd8 17. Bc5 Rc8 18. Bxf8 Kxf8 19. Bd3 Qc7 20. Rhf1
Nf6 21. Nd4 Neg4 22. Qh4 Qxh2 23. Qe1 Qe5 24. Be2 h5 25. Qh4 Ne3 26. Rde1 Nxg2
27. Bf3 Nxh4 28. Rxe5 Nxf3 29. Nxf3 Bxf3 30. Rxf3 Ke7 0-1

[Event "7. Malaga op"]
[Site "Campillos"]
[Date "2004.02.24"]
[Round "5.1"]
[White "Khamrakulov, Ibragim S"]
[Black "Cifuentes Parada, Roberto"]
[Result "1/2-1/2"]
[WhiteElo "2452"]
[BlackElo "2505"]
[PlyCount "90"]
[EventDate "2004.02.21"]
[Source "lmi"]
[SourceDate "2004.02.23"]

1. e4 c5 2. c3 d5 3. exd5 Qxd5 4. d4 Nf6 5. Nf3 e6 6. Bd3 Be7 7. Be3 cxd4 8.
cxd4 O-O 9. O-O Nc6 10. Nc3 Qd8 11. a3 b6 12. Rc1 Bb7 13. Qe2 Rc8 14. Ba6 Qd7
15. Ne5 Nxe5 16. dxe5 Nd5 17. Rfd1 Rfd8 18. Nxd5 exd5 19. Rxc8 Qxc8 20. Bxb7
Qxb7 21. Qb5 Qd7 22. Qxd7 Rxd7 23. Rc1 h5 24. Bd4 f6 25. f4 Kf7 26. Rc8 Ke6 27.
Kf2 Kf5 28. Kf3 fxe5 29. fxe5 g5 30. Ke3 g4 31. Kd3 h4 32. b4 Bg5 33. h3 gxh3
34. gxh3 Re7 35. Rd8 Bf4 36. Rxd5 Rg7 37. Rd8 Rg3+ 38. Kc4 Bg5 39. Rg8 Rxh3 40.
Rf8+ Ke6 41. Rg8 Rg3 42. Bf2 Rg4+ 43. Kb5 h3 44. Re8+ Kd5 45. Rh8 Rg2 1/2-1/2

[Event "7. Malaga op"]
[Site "Campillos"]
[Date "2004.02.24"]
[Round "5.2"]
[White "Rodriguez Guerrero, Enrique"]
[Black "Del Rio Angelis, Salvador G"]
[Result "1/2-1/2"]
[WhiteElo "2391"]
[BlackElo "2504"]
[PlyCount "69"]
[EventDate "2004.02.21"]
[Source "lmi"]
[SourceDate "2004.02.23"]

1. e4 e5 2. Nf3 Nc6 3. Bb5 a6 4. Ba4 Nf6 5. O-O Be7 6. Re1 b5 7. Bb3 d6 8. c3
O-O 9. h3 Nb8 10. d4 Nbd7 11. Nbd2 Bb7 12. Bc2 Re8 13. Nf1 Bf8 14. Ng3 g6 15.
b3 Bg7 16. d5 Qb8 17. Be3 c6 18. c4 Qc7 19. Nd2 Rec8 20. Bd3 bxc4 21. bxc4 h5
22. Qf3 h4 23. Ne2 cxd5 24. cxd5 Nc5 25. Bg5 Nh7 26. Bxh4 f5 27. exf5 Rf8 28.
Rac1 Qd7 29. Nb3 Nxb3 30. axb3 gxf5 31. Bc4 Kh8 32. Qh5 Bf6 33. Kh1 Qg7 34. Bg3
Bd8 35. f4 1/2-1/2

[Event "7. Malaga op"]
[Site "Campillos"]
[Date "2004.02.24"]
[Round "5.3"]
[White "Matamoros Franco, Carlos"]
[Black "Collas, Didier"]
[Result "1/2-1/2"]
[WhiteElo "2490"]
[BlackElo "2436"]
[PlyCount "37"]
[EventDate "2004.02.21"]
[Source "lmi"]
[SourceDate "2004.02.23"]

1. c4 Nf6 2. Nc3 c6 3. e4 d5 4. exd5 cxd5 5. cxd5 Nxd5 6. Nf3 Nxc3 7. bxc3 g6
8. d4 Bg7 9. Bd3 O-O 10. O-O Nc6 11. Re1 b6 12. Bg5 Re8 13. Qd2 Bb7 14. Qf4 Na5
15. Re3 Rc8 16. Bb5 Bc6 17. Ba6 Bb7 18. Bb5 Bc6 19. Ba6 1/2-1/2

[Event "7. Malaga op"]
[Site "Campillos"]
[Date "2004.02.24"]
[Round "5.4"]
[White "Fernandez Romero, Ernesto"]
[Black "Korneev, Oleg"]
[Result "0-1"]
[WhiteElo "2425"]
[BlackElo "2566"]
[PlyCount "78"]
[EventDate "2004.02.21"]
[Source "lmi"]
[SourceDate "2004.02.23"]

1. e4 c5 2. Nf3 d6 3. d4 cxd4 4. Nxd4 Nf6 5. Nc3 Nc6 6. Bg5 e6 7. Qd2 Be7 8.
O-O-O O-O 9. h4 a6 10. f3 Nxd4 11. Qxd4 b5 12. g4 Qa5 13. Kb1 b4 14. Ne2 e5 15.
Qd2 Be6 16. Nc1 Rfd8 17. Bxf6 Bxf6 18. g5 Be7 19. Bh3 d5 20. Bxe6 fxe6 21. exd5
Rxd5 22. Qe2 Rf8 23. Nd3 Qa4 24. Rde1 Ra5 25. Nc1 Rf4 26. Qe3 Qc6 27. Nd3 Rf5
28. Qe4 Rd5 29. Re2 Qd6 30. b3 a5 31. Rhe1 a4 32. f4 Rxf4 33. Qe3 Rxh4 34. bxa4
e4 35. Nf2 Bxg5 36. Qa7 h6 37. Qa8+ Kh7 38. Rxe4 Bf6 39. Rxe6 Qxe6 0-1

[Event "7. Malaga op"]
[Site "Campillos"]
[Date "2004.02.24"]
[Round "5.5"]
[White "Cheparinov, Ivan"]
[Black "Gonzalez Rodriguez, Jorge Armando"]
[Result "1-0"]
[WhiteElo "2550"]
[BlackElo "2349"]
[PlyCount "62"]
[EventDate "2004.02.21"]
[Source "lmi"]
[SourceDate "2004.02.23"]

1. e4 e6 2. d4 d5 3. Nc3 Bb4 4. e5 Qd7 5. a3 Bxc3+ 6. bxc3 b6 7. Qg4 f5 8. Qg3
Ba6 9. Bxa6 Nxa6 10. Ne2 O-O-O 11. a4 Kb7 12. O-O Qf7 13. c4 dxc4 14. Qc3 Ne7
15. Qxc4 c6 16. Ba3 Nd5 17. Rab1 Rc8 18. Qd3 Ndc7 19. c4 Qd7 20. Bd6 Rb8 21.
Nc3 Ka8 22. Rb3 Rb7 23. Rfb1 g5 24. a5 Rhb8 25. axb6 Rxb6 26. Rxb6 Rxb6 27. Ra1
Nb4 28. Na4 Rb7 29. Qd2 Nca6 30. h4 gxh4 31. Bxb4 Rxb4 1-0

[Event "7. Malaga op"]
[Site "Campillos"]
[Date "2004.02.24"]
[Round "5.6"]
[White "Paunovic, Dragan"]
[Black "Ivanov, Jordan"]
[Result "1/2-1/2"]
[WhiteElo "2517"]
[BlackElo "2406"]
[PlyCount "102"]
[EventDate "2004.02.21"]
[Source "lmi"]
[SourceDate "2004.02.23"]

1. d4 Nf6 2. Nf3 e6 3. g3 c5 4. Bg2 cxd4 5. O-O a6 6. Nxd4 Qc7 7. e4 Nc6 8. Nc3
h6 9. Nxc6 dxc6 10. e5 Qxe5 11. Na4 Nd7 12. Bf4 Qa5 13. c4 e5 14. Be3 Nc5 15.
Nxc5 Bxc5 16. Qe1 Qxe1 17. Rfxe1 Bb4 18. Re2 Bg4 19. f3 Be6 20. Bb6 Bd6 21. c5
Bb8 22. b4 O-O 23. Rd1 Bd5 24. a3 f6 25. Kf2 Ba7 26. Bxa7 Rxa7 27. f4 Bxg2 28.
Kxg2 Rf7 29. Rd8+ Rf8 30. Rxf8+ Kxf8 31. fxe5 fxe5 32. Kf3 a5 33. Ke4 axb4 34.
axb4 Ra4 35. Rb2 g6 36. Kxe5 Ke7 37. Kd4 Ra1 38. Kc4 Rc1+ 39. Kb3 Rd1 40. Re2+
Kd7 41. Kc2 Rd4 42. Kc3 Rg4 43. Rd2+ Kc7 44. Rd4 Rg5 45. Rf4 h5 46. Rf7+ Kb8
47. Rf4 Ka7 48. Kb3 Re5 49. Rf6 Re2 50. Rxg6 Rxh2 51. Ka4 h4 1/2-1/2

[Event "7. Malaga op"]
[Site "Campillos"]
[Date "2004.02.??"]
[Round "5.7"]
[White "Alonso, Rene"]
[Black "Perez Candelario, Manuel"]
[Result "1/2-1/2"]
[WhiteElo "2371"]
[BlackElo "2505"]
[PlyCount "21"]
[EventDate "2004.02.21"]
[Source "lmi"]
[SourceDate "2004.02.23"]

1. Nf3 d5 2. d4 Nf6 3. c4 e6 4. Nc3 Nbd7 5. Bf4 c6 6. e3 Qa5 7. Bd3 dxc4 8.
Bxc4 Nd5 9. O-O Nxf4 10. exf4 Bb4 11. Rc1 1/2-1/2